000 01102nam a22003011 4500
001 36026
003 BD-RjUL
005 20211209052423.0
008 140615s1955 enk b 000 0 eng d
035 _a(BD-RjUL)36123
035 _a(OCoLC)289383
040 _aRochester. Univ. Libr.
_cOUrC
_dOCoLC
_dUk
_dDLC
_dBD-RjUL
_beng
041 _aeng
082 0 0 _a320.943
_bPOL 1955
245 1 4 _aThe political thought of the German romantics, 1793-1815 /
_cHans Siegbert Reiss,
260 _aOxford :
_bBlackwell,
_c1955.
300 _avii, 211 p. ;
_c20 cm.
490 0 _aBlackwell's political texts
500 _a"Passages from Fichte, Novalis, Adam Müller and Schleiermacher translated and passages from Savigny adapted from the translation of Abraham Hayward by H. S. Reiss and P. Brown."
504 _aIncludes bibliographies.
650 0 _aPolitical science
_zGermany
_xHistory.
_9109677
650 0 _aPolitical science.
_9109678
650 0 _aRomanticism
_zGermany.
_9109679
700 1 _aReiss, Hans Siegbert,
_9109680
942 _2ddc
_cBK
999 _c36026
_d36026